000 00564nam a22002057a 4500
003 OSt
005 20140310183131.0
008 130619t xxu||||| |||| 00| 0 eng d
020 _a9710867385
050 _aQ 181
_b.C357 2007
082 _aFIL 507.22
_bPR954 2007
245 _aPrinciples and experiments :
_bphysical science /
_cCatchillar, Gerry C.
260 _aMandaluyong City :
_bNBS,
_c2007.
300 _a359 p. :
_c25 cm.
521 _acollege students
526 _c1210L-1700L
541 _j1
562 _e1
942 _2lcc
_cBK
_kFIL
999 _c19159
_d19159